| 000 | 00419nam a2200157Ia 4500 | ||
|---|---|---|---|
| 008 | 230917s9999||||xx |||||||||||||| ||und|| | ||
| 040 |
_e63279 _aMAIN |
||
| 041 | _aEnglish | ||
| 082 | _a320.072 A314E | ||
| 100 | _aManheim, Jarol B | ||
| 245 | 0 | _aEmpirical political analysis: research methods in political science | |
| 250 | _a4th ed. | ||
| 260 |
_aNew York _bLongman _c1995 |
||
| 300 | _axiii, 465 p. | ||
| 942 | _cBK | ||
| 999 |
_c66074 _d66074 |
||